平成に消滅・改称した和歌山県の市町村 - Statistics

General Stats
  • This quiz has been taken 20 times
  • The average score is 22 of 31
Answer Stats
変更年月日 変更内容 回答 変更後の市町村 % Correct
2004.10/01 新設合併 南部町 みなべ町
100%
2005.05/01 新設合併 田辺市 田辺市
100%
2005.10/01 新設合併 新宮市 新宮市
100%
2006.03/01 新設合併 橋本市 橋本市
100%
2006.03/01 新設合併 白浜町 白浜町
100%
2005.04/01 新設合併 海南市 海南市
89%
2005.04/01 新設合併 串本町 串本町
89%
2005.04/01 新設合併 古座町 串本町
89%
2005.11/07 新設合併 粉河町 紀の川市
89%
2005.05/01 新設合併 龍神村 田辺市
78%
2005.05/01 新設合併 本宮町 田辺市
78%
2005.10/01 新設合併 熊野川町 新宮市
78%
2004.10/01 新設合併 南部川村 みなべ町
67%
2005.04/01 新設合併 下津町 海南市
67%
2005.05/01 新設合併 中辺路町 田辺市
67%
2005.11/07 新設合併 打田町 紀の川市
67%
2005.11/07 新設合併 貴志川町 紀の川市
67%
2006.01/01 新設合併 吉備町 有田川町
67%
2006.03/01 新設合併 高野口町 橋本市
67%
2006.03/01 新設合併 日置川町 白浜町
67%
2005.05/01 新設合併 大塔村 田辺市
56%
2005.05/01 新設合併 川辺町 日高川町
56%
2005.10/01 編入合併 花園村 かつらぎ町
56%
2005.11/07 新設合併 那賀町 紀の川市
56%
2005.11/07 新設合併 桃山町 紀の川市
56%
2006.01/01 新設合併 野上町 紀美野町
56%
2006.01/01 新設合併 美里町 紀美野町
56%
2006.01/01 新設合併 金屋町 有田川町
56%
2006.01/01 新設合併 清水町 有田川町
56%
2005.05/01 新設合併 中津村 日高川町
44%
2005.05/01 新設合併 美山村 日高川町
44%
No matching quizzes found
Score Distribution
Percent of People with Each Score
Percentile by Number Answered
Your Score History
You have not taken this quiz